000 01011nam a2200265 i 4500
003 DO-SdBNP
005 20241022095514.0
007 ta
008 241022e1990 dr ao 000 0 spa d
040 _aDO-SdBNP
_bspa
_cBNPHU
_erda
082 4 _a00
_bB113e
_222
110 2 _aBabeque (Republica Dominicana)
_955170
245 1 0 _aImagen 90 :
_bpromoción, Babeque secundaria /
264 _a[Santo Domingo] :
_b[editor no identificado],
_c[1990]
300 _a119 páginas :
_bIlustraciones, fotografías,
_c30 cm
336 _atexto
_btxt
_2rdacontent
337 _asin mediación
_bn
_2rdamedia
338 _avolumen
_bnc
_2rdacarrier
500 _aLibro de la promoción de 1990.
500 _aSecundaria.
505 0 _gBabeque secundaria --
_tPromoción Imagen 90 --
_tAdministración --
_tDepartamentos --
_tCursos y actividades /
_gBabeque preescolar y primaria --
_tSexto grado --
_tAdministración --
_tActividades --
_tCursos /
590 _aInventariado 2024 / YL
910 _aYLockward
942 _2ddc
_cLBS1
999 _c57928
_d57928